| 000 | 01808nam a2200325 a 4500 | ||
|---|---|---|---|
| 003 | CO-PeBPR | ||
| 005 | 20260426084210.0 | ||
| 008 | 260415e2024 ck a|||| n||| 00| 0 spa c | ||
| 020 | _a9786287589544 | ||
| 040 | 0 |
_aCO-PeBPR _bspa _cCO-PeBPR _erda |
|
| 041 | 0 | _hspa | |
| 082 | 0 | 4 | _a(i) Cr863 C794n |
| 100 | 1 |
_aCordero, Gabriela _eautora |
|
| 245 | 1 | 0 |
_aLa niña más veloz que el viento _b: la historia de Tatiana Calderón _c/ Gabriela Cordero ; ilustraciones de Luisa Martínez |
| 250 | _aEdición especial | ||
| 264 | 1 |
_aBogotá, Colombia _b: Rey Naranjo Editores _c, 2024 |
|
| 300 |
_a80 páginas _b: ilustraciones a color _c; 23 centímetros |
||
| 336 |
_atexto _btxt _crdacontenido |
||
| 337 |
_asin mediación _bn _2rdamedio |
||
| 338 |
_avolumen _bnc _2rdasoporte |
||
| 490 | _aPlan Nacional de Lectura, Escritura y Oralidad / Ministerio de las Culturas, las Artes y los Saberes. | ||
| 520 | _aTata descubre su pasión por el automovilismo después de cinco minutos en una pista de karts. Así empieza su lucha contra una voz en el viento que le dice que no tiene talento y que por ser niña nunca podrá ganar. Un manifiesto por una niñez libre de estereotipos de género. Con la ayuda de su hermana Paula, su familia y sus amigos, ella logrará vencer esa voz y demostrar que el género no define sus capacidades. Esta es la historia de cómo Tata superó los prejuicios y llegó a ser la primera niña campeona nacional de karts en Colombia. | ||
| 521 | _aRecomendado para 7 a 12 años. | ||
| 650 | 1 | 4 |
_2LEMB _aNovela infantil Costarricense _ySiglo XXI |
| 650 | 1 | 4 |
_2LEMB _aLiteratura infantil Costarricense |
| 650 | 1 | 4 |
_2LEMB _aMujeres deportistas en la literatura |
| 650 | 1 | 4 |
_2LEMB _aDiscriminación sexual en la literatura |
| 700 | 1 |
_aMartínez, Luisa _eilustradora |
|
| 942 |
_2ddc _cBKINF |
||
| 999 |
_c17791 _d17791 |
||